love will find a way missing lyrics from lion king 2 - Statistics

General Stats
  • This quiz has been taken 28 times
  • The average score is 18 of 20
Answer Stats
lyrics answer % Correct
If you are there _____ me beside
95%
I may not be ____ or strong or smart brave
95%
Like dark turning into ___ day
95%
Now that I've ___ you found
95%
But somewhere in my secret ____ I know love will ___ a way heart find
95%
Anywhere I go I'm ___ home
95%
There's a perfect world _____ in your eyes shining
95%
We would never need to face the ____ alone world
95%
They'd know love will ___ a way find
89%
Now that I've ____ you love will ___ a way found find
89%
And if only they could feel it too the _____ I feel with you happiness
89%
Love is ____ wrong and so it never dies never
89%
In a _____world one we've never ____ perfect known
89%
If we are there ____ together
89%
I was so ____ now I realize afraid
84%
Like dark turning into ___ somehow we'll come ____ day through
84%
Somehow we'll come ____ through
84%
Love will ___ a way I know love will ___ a way find find
79%
Anywhere __ go ___ home we we're
79%
They can have the ____ we'll ____ our own world create
74%
No matching quizzes found
Score Distribution
Percent of People with Each Score
Percentile by Number Answered
Your Score History
You have not taken this quiz